Conscience / (Record no. 590150)

000 -LEADER
fixed length control field 00386nam a22001457a 4500
020 ## - INTERNATIONAL STANDARD BOOK NUMBER
International Standard Book Number 0951321110
082 ## - DEWEY DECIMAL CLASSIFICATION NUMBER
Classification number 281.4
Author Mark ROS
100 ## - MAIN ENTRY--PERSONAL NAME
Personal name Rosmini, Antonio
245 ## - TITLE STATEMENT
Title Conscience /
Statement of responsibility, etc. Antonio Rosmini, translated by Denis Cleary and Terence Watson
260 ## - PUBLICATION, DISTRIBUTION, ETC.
Place of publication, distribution, etc. UK:
Name of publisher, distributor, etc. Rosmini House,
Date of publication, distribution, etc. 1989
300 ## - PHYSICAL DESCRIPTION
Extent 438 p.
563 ## - BINDING INFORMATION
Binding note PBK
650 ## - SUBJECT ADDED ENTRY--TOPICAL TERM
Topical term or geographic name entry element Conscience
942 ## - ADDED ENTRY ELEMENTS (KOHA)
Source of classification or shelving scheme
Koha item type Book
650 ## - SUBJECT ADDED ENTRY--TOPICAL TERM
-- 92056
Holdings
Withdrawn status Lost status Source of classification or shelving scheme Damaged status Not for loan Permanent Location Current Location Shelving location Date acquired Total Checkouts Full call number Barcode Date last seen Price effective from Koha item type
          Central Library (CL) Central Library (CL) First Floor - Islam 06/17/2022   281.4 ROS CL3362 06/17/2022 06/17/2022 Book
© 2023 Central Library, National University of Sciences and Technology. All Rights Reserved.